Marine biology
Αποθηκεύτηκε σε:
| Κύριος συγγραφέας: | |
|---|---|
| Άλλοι συγγραφείς: | |
| Μορφή: | Βιβλίο |
| Γλώσσα: | English |
| Δημοσίευση: |
Boston :
Mcgraw-Hill,
c1997
|
| Θέματα: | |
| Ετικέτες: |
Προσθήκη ετικέτας
Δεν υπάρχουν, Καταχωρήστε ετικέτα πρώτοι!
|
MARC
| LEADER | 00000cam a2200000 i 4500 | ||
|---|---|---|---|
| 001 | 1/94902 | ||
| 008 | 991130s1997 eng d | ||
| 020 | |a 0071142975 | ||
| 035 | |l 10055046 | ||
| 040 | |a GR-MY-UA |b gre |e aacr | ||
| 041 | 0 | |a eng | |
| 082 | 0 | |a 578.77 | |
| 100 | 1 | |a Castro, Peter. | |
| 245 | 1 | 0 | |a Marine biology / |c Peter Castro, Michael E. Huber |
| 260 | |a Boston : |b Mcgraw-Hill, |c c1997 | ||
| 300 | |a 450 p. |b ill. | ||
| 504 | |a Includes bibliographical references and index | ||
| 650 | 0 | 0 | |a Marine biology. |
| 700 | 1 | |a Huber, Michael E. | |
| 852 | |a INST |b CHIOS |e 20000223 |h 574.92 CAS |p 005200018528 |q 005200018528 |t BK |y 0 | ||
| 852 | |a INST |b LESVOS |e 19991130 |h 578.77 CAS |p 005100022632 |q 005100022632 |t BK |y 0 | ||
| 901 | |a BIBL1-1999-3 | ||
| 909 | |a Λ |b 070874 | ||
| 909 | |a Χ |b 074560 | ||
| 922 | |a 1ΕΛΗ |b 199911 |c ΚΠΣ/ΕΥΣΤΑΘΙΟΥ |d ΠΑΠΑΣΩΤΗΡΙΟΥ | ||
| 950 | |a 166-1999-10-11 | ||
| 970 | |a ΤΖΑΦΕΡΗ |b ΕΥΑΓΓΕΛΙΑ |z 1999/12/03 | ||